[Event "Campeonato Continental Americas 2009"]
[Site "Sao Paulo BRA"]
[Date "2009.07.29"]
[Round "6.10"]
[White "Cori, Jorge"]
[Black "Hernandez Carmenates, Holden"]
[Result "1-0"]
[WhiteElo "2424"]
[BlackElo "2573"]
[PlyCount "75"]
[EventDate "2009.07.25"]
[EventType "swiss"]
[EventRounds "11"]
[EventCountry "BRA"]
[Source "lmi"]
[SourceDate "2009.07.25"]

1. e4 c5 2. Nf3 e6 3. d4 cxd4 4. Nxd4 a6 5. Bd3 Bc5 6. Nb3 Be7 7. O-O d6 8. c4
Nf6 9. Nc3 O-O 10. Be3 b6 11. f4 Bb7 12. e5 dxe5 13. fxe5 Nfd7 14. Bf4 Nc6 15.
Qh5 g6 16. Qe2 Bg5 17. Bg3 Bh4 18. Bf4 Ncxe5 19. Be4 Bxe4 20. Nxe4 f5 21. Bh6
Re8 22. Nd6 Re7 23. Rad1 Qc7 24. Bf4 Bf6 25. c5 Qc6 26. cxb6 Qxb6+ 27. Be3 Qc7
28. Rd2 Ng4 29. Rc1 Qd8 30. Nd4 Nde5 31. Nc4 Qe8 32. Nd6 Qf8 33. Bf4 Rd8 34.
Qxa6 g5 35. Bg3 f4 36. Be1 Ne3 37. Ne4 Nd5 38. Nxe6 1-0

[Event "Campeonato Continental Americas 2009"]
[Site "Sao Paulo BRA"]
[Date "2009.07.29"]
[Round "6.12"]
[White "Iturrizaga, Eduardo"]
[Black "Perdomo, Leandro Daniel"]
[Result "1-0"]
[WhiteElo "2555"]
[BlackElo "2409"]
[PlyCount "83"]
[EventDate "2009.07.25"]
[EventType "swiss"]
[EventRounds "11"]
[EventCountry "BRA"]
[Source "lmi"]
[SourceDate "2009.07.25"]

1. d4 Nf6 2. Nf3 g6 3. c4 Bg7 4. Nc3 O-O 5. e4 d6 6. h3 e5 7. d5 Na6 8. Bg5 Qe8
9. Be2 Nh5 10. g3 f5 11. exf5 gxf5 12. Nh4 Nf6 13. Qc2 e4 14. O-O-O Nd7 15. Ng2
Nb4 16. Qd2 Nc5 17. Kb1 Bd7 18. Be3 Nbd3 19. Nf4 b5 20. Nh5 Bh8 21. Bh6 b4 22.
Nb5 Bxb5 23. cxb5 Nxf2 24. Bxf8 Kxf8 25. Rhf1 e3 26. Qxb4 Qe4+ 27. Qxe4 Ncxe4
28. Kc2 Nxd1 29. Rxf5+ Ke7 30. Bxd1 Be5 31. Rf3 Rf8 32. Rxe3 Rf2+ 33. Be2 Nf6
34. Nf4 Kf7 35. Nd3 Bd4 36. Nxf2 Bxe3 37. Nd1 Bd4 38. g4 Nxd5 39. Bc4 Ke6 40.
Nc3 Bxc3 41. bxc3 Ke5 42. Bxd5 1-0

[Event "Campeonato Continental Americas 2009"]
[Site "Sao Paulo BRA"]
[Date "2009.07.29"]
[Round "6.15"]
[White "Van Riemsdijk, Herman Claudius"]
[Black "Perez Rodriguez, Luis Manuel"]
[Result "1-0"]
[WhiteElo "2380"]
[BlackElo "2512"]
[PlyCount "67"]
[EventDate "2009.07.25"]
[EventType "swiss"]
[EventRounds "11"]
[EventCountry "BRA"]
[Source "lmi"]
[SourceDate "2009.07.25"]

1. e4 e5 2. Nf3 Nc6 3. Bb5 a6 4. Ba4 Nf6 5. O-O Be7 6. Re1 b5 7. Bb3 O-O 8. a4
Bb7 9. Nc3 b4 10. Nd5 Na5 11. c3 Nxb3 12. Qxb3 Nxd5 13. exd5 d6 14. d4 Rb8 15.
c4 f6 16. a5 c5 17. dxc6 Bxc6 18. d5 Bd7 19. Be3 Kh8 20. Bb6 Qe8 21. Qxb4 f5
22. Qa3 Rf6 23. c5 e4 24. c6 Bc8 25. Nd4 Rh6 26. c7 Ra8 27. Rac1 Bg5 28. Rc2 f4
29. Nf3 Bf6 30. Qxd6 Be7 31. Qd8 Bxd8 32. cxd8=Q Qxd8 33. Bxd8 Bg4 34. Ne5 1-0

[Event "Campeonato Continental Americas 2009"]
[Site "Sao Paulo BRA"]
[Date "2009.07.30"]
[Round "7.1"]
[White "Felgaer, Ruben"]
[Black "Milos, Gilberto"]
[Result "0-1"]
[WhiteElo "2564"]
[BlackElo "2589"]
[PlyCount "67"]
[EventDate "2009.07.25"]
[EventType "swiss"]
[EventRounds "11"]
[EventCountry "BRA"]
[Source "lmi"]
[SourceDate "2009.07.25"]

1. e4 Nf6 2. e5 Nd5 3. d4 d6 4. c4 Nb6 5. exd6 exd6 6. Nc3 Be7 7. Be2 O-O 8.
Nf3 Bg4 9. O-O Nc6 10. b3 Bf6 11. Be3 d5 12. c5 Nc8 13. h3 Bxf3 14. Bxf3 N8e7
15. g4 g6 16. Bg2 Bg7 17. f4 f5 18. g5 Qd7 19. Qd2 Rae8 20. Bf2 Nd8 21. b4 c6
22. Rab1 Ne6 23. Rfe1 Nc8 24. a4 Re7 25. b5 Rfe8 26. Ne2 Qc7 27. Kf1 h6 28. h4
h5 29. a5 a6 30. b6 Qb8 31. Rbd1 Bh8 32. Bf3 Kf8 33. Bg2 Ng7 34. Nc3 0-1

[Event "Campeonato Continental Americas 2009"]
[Site "Sao Paulo BRA"]
[Date "2009.07.30"]
[Round "7.3"]
[White "Lafuente, Pablo"]
[Black "Vescovi, Giovanni"]
[Result "1/2-1/2"]
[WhiteElo "2562"]
[BlackElo "2631"]
[PlyCount "75"]
[EventDate "2009.07.25"]
[EventType "swiss"]
[EventRounds "11"]
[EventCountry "BRA"]
[Source "lmi"]
[SourceDate "2009.07.25"]

1. d4 Nf6 2. c4 e6 3. Nf3 d5 4. Nc3 dxc4 5. e3 a6 6. Bxc4 b5 7. Bb3 Bb7 8. O-O
c5 9. Qe2 Nbd7 10. Rd1 Qb8 11. d5 Nxd5 12. Nxd5 exd5 13. Bxd5 Bxd5 14. Rxd5 Be7
15. e4 Qb7 16. Bg5 Nb6 17. Rd2 O-O 18. Rad1 Rfe8 19. Bxe7 Qxe7 20. Rd6 Nc4 21.
Rd7 Qxe4 22. Qxe4 Rxe4 23. b3 Nb6 24. Rb7 Re6 25. Ng5 Rf6 26. Ne4 Rc6 27. Nxc5
Rxc5 28. Rxb6 g6 29. g3 Rc2 30. a4 bxa4 31. bxa4 Rc4 32. Rd7 Rxa4 33. Rf6 Rf8
34. Ra7 Kg7 35. Raxa6 Rxa6 36. Rxa6 h5 37. h4 Re8 38. Kg2 1/2-1/2

[Event "Campeonato Continental Americas 2009"]
[Site "Sao Paulo BRA"]
[Date "2009.07.30"]
[Round "7.6"]
[White "Mareco, Sandro"]
[Black "Corrales Jimenez, Fidel"]
[Result "0-1"]
[WhiteElo "2515"]
[BlackElo "2602"]
[PlyCount "84"]
[EventDate "2009.07.25"]
[EventType "swiss"]
[EventRounds "11"]
[EventCountry "BRA"]
[Source "lmi"]
[SourceDate "2009.07.25"]

1. d4 Nf6 2. c4 e6 3. Nf3 d5 4. Nc3 Bb4 5. e3 O-O 6. Bd3 c5 7. O-O Nc6 8. a3
Bxc3 9. bxc3 dxc4 10. Bxc4 Qc7 11. h3 e5 12. Bb2 Bf5 13. Qe2 Rad8 14. Bb5 e4
15. Nd2 Bg6 16. Rfc1 a6 17. Bxc6 Qxc6 18. c4 cxd4 19. exd4 Nh5 20. Qe3 f5 21.
f4 b5 22. a4 Bf7 23. axb5 axb5 24. cxb5 Qxb5 25. Ba3 Rfe8 26. Nf1 Qd3 27. Rd1
Qb3 28. Bc5 Qe6 29. Re1 Qh6 30. Ng3 Nxg3 31. Qxg3 Rb8 32. Ra7 Rb3 33. Re3 Rb1+
34. Kh2 Qe6 35. Qh4 Qc4 36. Qf2 Qc1 37. Rea3 h6 38. Bd6 Re6 39. Ra8+ Kh7 40.
Be5 Qh1+ 41. Kg3 Rg6+ 42. Kh4 Rg4# 0-1

[Event "Campeonato Continental Americas 2009"]
[Site "Sao Paulo BRA"]
[Date "2009.07.30"]
[Round "7.8"]
[White "Cori, Jorge"]
[Black "Shabalov, Alexander"]
[Result "0-1"]
[WhiteElo "2424"]
[BlackElo "2580"]
[PlyCount "38"]
[EventDate "2009.07.25"]
[EventType "swiss"]
[EventRounds "11"]
[EventCountry "BRA"]
[Source "lmi"]
[SourceDate "2009.07.25"]

1. e4 c5 2. Nf3 d6 3. Bb5+ Nd7 4. O-O Ngf6 5. Re1 a6 6. Bf1 b6 7. d3 Bb7 8.
Nbd2 g6 9. c3 Bg7 10. d4 cxd4 11. cxd4 O-O 12. b3 e5 13. Bb2 exd4 14. Bxd4 Re8
15. Qc2 Nc5 16. e5 Ng4 17. exd6 Bxd4 18. Rxe8+ Qxe8 19. Nxd4 Qe5 0-1

[Event "Campeonato Continental Americas 2009"]
[Site "Sao Paulo BRA"]
[Date "2009.07.30"]
[Round "7.9"]
[White "Quesada Perez, Yunieski"]
[Black "Van Riemsdijk, Herman Claudius"]
[Result "1-0"]
[WhiteElo "2584"]
[BlackElo "2380"]
[PlyCount "119"]
[EventDate "2009.07.25"]
[EventType "swiss"]
[EventRounds "11"]
[EventCountry "BRA"]
[Source "lmi"]
[SourceDate "2009.07.25"]

1. e4 e5 2. Nf3 Nc6 3. Bb5 a6 4. Ba4 Nf6 5. O-O Be7 6. Re1 b5 7. Bb3 d6 8. c3
O-O 9. h3 Na5 10. Bc2 c5 11. d4 Qc7 12. Nbd2 cxd4 13. cxd4 Bb7 14. d5 Bc8 15.
Bd3 Nb7 16. Nb3 Nd7 17. Be3 Ndc5 18. Rc1 f6 19. a4 Bd7 20. axb5 axb5 21. Qe2
Qb8 22. Nxc5 Nxc5 23. Bb1 Rc8 24. b4 Na4 25. Rxc8+ Qxc8 26. Rc1 Qe8 27. Bd3 Rc8
28. Rxc8 Qxc8 29. Kh2 Qe8 30. Qc2 Qb8 31. Nd2 Bd8 32. Be2 Bb6 33. Bg4 Be8 34.
Nb3 Qc7 35. Qxc7 Bxc7 36. Na5 Kf8 37. Kg1 Nc3 38. f3 Nd1 39. Bd2 Bb6+ 40. Kf1
Be3 41. Ke2 Bxd2 42. Kxd2 Nb2 43. Bc8 Ke7 44. Ba6 Kd8 45. Kc2 Na4 46. Nc6+ Bxc6
47. dxc6 Nb6 48. Bxb5 Kc7 49. Kb3 d5 50. exd5 Nxd5 51. h4 f5 52. Bd3 Nf4 53.
Bxf5 Kxc6 54. g3 Ne2 55. Be4+ Kd6 56. g4 g6 57. Kc4 Nf4 58. b5 Ng2 59. b6 Nxh4
60. Kb5 1-0

[Event "Campeonato Continental Americas 2009"]
[Site "Sao Paulo BRA"]
[Date "2009.07.30"]
[Round "7.12"]
[White "Tsuboi, Edson Kenji"]
[Black "Friedel, Joshua E"]
[Result "0-1"]
[WhiteElo "2399"]
[BlackElo "2547"]
[PlyCount "124"]
[EventDate "2009.07.25"]
[EventType "swiss"]
[EventRounds "11"]
[EventCountry "BRA"]
[Source "lmi"]
[SourceDate "2009.07.25"]

1. e4 e5 2. Nf3 Nc6 3. Bb5 a6 4. Bxc6 dxc6 5. O-O f6 6. d4 Bg4 7. dxe5 Qxd1 8.
Rxd1 fxe5 9. Nbd2 O-O-O 10. Re1 Re8 11. Nc4 Bxf3 12. gxf3 b5 13. Ne3 Bc5 14.
Ng2 Nf6 15. Be3 Bxe3 16. fxe3 g5 17. a4 Kb7 18. Red1 Rhg8 19. h3 h5 20. Rf1 Re6
21. Kf2 g4 22. hxg4 hxg4 23. Nh4 gxf3 24. Kxf3 Rg4 25. Nf5 Rxe4 26. Ng7 Re7 27.
Nh5 Nxh5 28. Kxe4 Ng3+ 29. Kd3 Rd7+ 30. Kc3 Nxf1 31. Rxf1 Rd5 32. b3 Rc5+ 33.
Kd3 e4+ 34. Kd2 bxa4 35. bxa4 Kb6 36. Rb1+ Ka5 37. Rb7 Kxa4 38. Rxc7 a5 39. Re7
Rc4 40. Re5 Kb4 41. c3+ Kb3 42. Rxa5 Rxc3 43. Re5 Rc4 44. Re6 c5 45. Re5 Kb2
46. Kd1 Kb1 47. Kd2 Rc2+ 48. Kd1 c4 49. Rxe4 c3 50. Rc4 Rd2+ 51. Ke1 Kb2 52.
Rc8 Rh2 53. Rb8+ Kc1 54. Rc8 c2 55. Rb8 Rh4 56. Ke2 Ra4 57. Rb7 Ra1 58. Rc7 Ra2
59. Kd3 Kd1 60. e4 c1=Q 61. Rxc1+ Kxc1 62. Kd4 Re2 0-1

[Event "Campeonato Continental Americas 2009"]
[Site "Sao Paulo BRA"]
[Date "2009.07.30"]
[Round "7.13"]
[White "Zapata, Alonso"]
[Black "Liascovich, Lucas"]
[Result "1/2-1/2"]
[WhiteElo "2523"]
[BlackElo "2444"]
[PlyCount "58"]
[EventDate "2009.07.25"]
[EventType "swiss"]
[EventRounds "11"]
[EventCountry "BRA"]
[Source "lmi"]
[SourceDate "2009.07.25"]

1. e4 e5 2. Nf3 Nc6 3. Bb5 Nf6 4. d4 exd4 5. O-O a6 6. Bxc6 dxc6 7. e5 Ne4 8.
Re1 Nc5 9. Bg5 Qd5 10. Nxd4 Ne6 11. Qh5 Qc5 12. Nxe6 Bxe6 13. b3 Qb4 14. c3 Qg4
15. Qxg4 Bxg4 16. Nd2 h6 17. Bh4 a5 18. h3 Be6 19. f4 a4 20. Nc4 Bd5 21. b4 b5
22. Nd6+ Bxd6 23. exd6+ Kd7 24. dxc7 Rae8 25. a3 Kxc7 26. Rad1 Kb6 27. Be7 Kb7
28. Re3 Kb6 29. Bc5+ Kb7 1/2-1/2

[Event "Campeonato Continental Americas 2009"]
[Site "Sao Paulo BRA"]
[Date "2009.07.31"]
[Round "8.4"]
[White "Diamant, Andre"]
[Black "Fier, Alexandr"]
[Result "1-0"]
[WhiteElo "2520"]
[BlackElo "2604"]
[PlyCount "79"]
[EventDate "2009.07.25"]
[EventType "swiss"]
[EventRounds "11"]
[EventCountry "BRA"]
[Source "lmi"]
[SourceDate "2009.07.25"]

1. e4 c5 2. Nf3 d6 3. d4 cxd4 4. Nxd4 Nf6 5. Nc3 e6 6. g3 h5 7. h3 Nc6 8. Bg2
Bd7 9. O-O Be7 10. a4 a6 11. Be3 Ne5 12. Kh1 Nc4 13. Bc1 Qa5 14. Nde2 Rc8 15.
f4 Qb6 16. Qd4 Qxd4 17. Nxd4 h4 18. g4 Nh7 19. g5 Bd8 20. Nf3 Bb6 21. Rd1 Ne3
22. Rxd6 Bc6 23. Bxe3 Bxe3 24. g6 Nf6 25. gxf7+ Ke7 26. e5 Nh5 27. Ne2 Nxf4 28.
Nxf4 Bxf4 29. Nd4 Bxg2+ 30. Kxg2 Rh6 31. Rf1 Bxe5 32. Rxe6+ Rxe6 33. Nxe6 Kxe6
34. f8=Q Rxf8 35. Rxf8 Bxb2 36. Rb8 b5 37. axb5 axb5 38. Rxb5 Bf6 39. Kf3 Kd7
40. Kg4 1-0

[Event "Campeonato Continental Americas 2009"]
[Site "Sao Paulo BRA"]
[Date "2009.07.31"]
[Round "8.5"]
[White "Flores, Diego"]
[Black "Felgaer, Ruben"]
[Result "1/2-1/2"]
[WhiteElo "2587"]
[BlackElo "2564"]
[PlyCount "44"]
[EventDate "2009.07.25"]
[EventType "swiss"]
[EventRounds "11"]
[EventCountry "BRA"]
[Source "lmi"]
[SourceDate "2009.07.25"]

1. c4 c5 2. Nc3 g6 3. g3 Bg7 4. Bg2 Nc6 5. Nf3 d6 6. O-O Qd7 7. b3 Nh6 8. Bb2
Nf5 9. d3 O-O 10. Qd2 Rb8 11. Nd5 Nfd4 12. Ne1 e6 13. e3 exd5 14. cxd5 b6 15.
dxc6 Nxc6 16. Bxg7 Kxg7 17. Qc3+ Kg8 18. Nf3 Bb7 19. Rad1 Qe7 20. d4 Qf6 21.
Qd2 Nb4 22. a3 Nc2 1/2-1/2

[Event "Campeonato Continental Americas 2009"]
[Site "Sao Paulo BRA"]
[Date "2009.07.31"]
[Round "8.7"]
[White "Di Berardino, Diego Rafael"]
[Black "Lafuente, Pablo"]
[Result "0-1"]
[WhiteElo "2453"]
[BlackElo "2562"]
[PlyCount "120"]
[EventDate "2009.07.25"]
[EventType "swiss"]
[EventRounds "11"]
[EventCountry "BRA"]
[Source "lmi"]
[SourceDate "2009.07.25"]

1. e4 c6 2. d4 d5 3. exd5 cxd5 4. c4 Nf6 5. Nc3 e6 6. Nf3 Bb4 7. cxd5 Nxd5 8.
Qc2 Nc6 9. Be2 O-O 10. O-O h6 11. Rd1 Nce7 12. a3 Bd6 13. Ne5 Qc7 14. Qe4 Nxc3
15. bxc3 Nd5 16. Bd2 Nxc3 17. Bxc3 Qxc3 18. Nc4 Bc7 19. Rdc1 Qb3 20. Ne5 Bxe5
21. dxe5 Bd7 22. Bd3 g6 23. Rcb1 Qc3 24. Rc1 Qb3 25. Rcb1 Qa4 26. Rxb7 Rfb8 27.
Qxa4 Bxa4 28. Rb4 Bc6 29. f3 a5 30. Rxb8+ Rxb8 31. Rc1 Bd5 32. Rc3 Rb2 33. h4
a4 34. Bc2 Bb3 35. Rc8+ Kg7 36. Bxb3 Rxb3 37. Ra8 Rxa3 38. Kh2 g5 39. h5 Ra1
40. g4 a3 41. Kg2 f5 42. exf6+ Kxf6 43. Ra5 e5 44. Ra6+ Kg7 45. Rg6+ Kh7 46.
Ra6 a2 47. Ra7+ Kg8 48. Ra8+ Kf7 49. Ra6 Ke7 50. Ra7+ Kd6 51. Ra6+ Kc5 52. Ra8
Kb4 53. Ra7 Kc3 54. Rc7+ Kd3 55. Rd7+ Ke3 56. Ra7 Rd1 57. Ra3+ Rd3 58. Ra5 Rd2+
59. Kg3 Kd4 60. Ra4+ Kc3 0-1

[Event "Campeonato Continental Americas 2009"]
[Site "Sao Paulo BRA"]
[Date "2009.07.31"]
[Round "8.10"]
[White "Bachmann, Axel"]
[Black "Cori, Jorge"]
[Result "0-1"]
[WhiteElo "2559"]
[BlackElo "2424"]
[PlyCount "88"]
[EventDate "2009.07.25"]
[EventType "swiss"]
[EventRounds "11"]
[EventCountry "BRA"]
[Source "lmi"]
[SourceDate "2009.07.25"]

1. c4 Nf6 2. Nc3 g6 3. g3 Bg7 4. Bg2 O-O 5. e4 d6 6. Nge2 c5 7. O-O Nc6 8. d3
Bd7 9. a3 Qc8 10. Rb1 Bh3 11. b4 Bxg2 12. Kxg2 e6 13. f3 Rd8 14. Qb3 b6 15. Be3
Qd7 16. Rfd1 Rac8 17. Rbc1 Ne8 18. d4 cxd4 19. Nxd4 Nxd4 20. Bxd4 Bxd4 21. Rxd4
Qc6 22. Qd1 Rd7 23. Rc2 Rdc7 24. Nb5 Re7 25. e5 d5 26. Nc3 Qc7 27. cxd5 Qxe5
28. Re2 Qg7 29. Qd3 Rd8 30. Rd2 h5 31. Qe3 e5 32. Re4 Nd6 33. Qg5 f6 34. Qh4
Rc7 35. Rd3 Rdc8 36. Ne2 Nxe4 37. Qxe4 Rc4 38. Qe3 Rd8 39. Nc3 f5 40. d6 Rd4
41. Nb5 Rxd3 42. Qxd3 Qf6 43. Qc3 a6 44. Nc7 Qxd6 0-1

[Event "Campeonato Continental Americas 2009"]
[Site "Sao Paulo BRA"]
[Date "2009.07.31"]
[Round "8.11"]
[White "Van Riemsdijk, Herman Claudius"]
[Black "Iturrizaga, Eduardo"]
[Result "0-1"]
[WhiteElo "2380"]
[BlackElo "2555"]
[PlyCount "78"]
[EventDate "2009.07.25"]
[EventType "swiss"]
[EventRounds "11"]
[EventCountry "BRA"]
[Source "lmi"]
[SourceDate "2009.07.25"]

1. e4 c5 2. Nf3 d6 3. d4 cxd4 4. Nxd4 Nf6 5. Nc3 Bd7 6. g3 Nc6 7. Bg2 g6 8. h3
Bg7 9. Be3 O-O 10. O-O Ne5 11. Qe2 Qc8 12. Kh2 Nc4 13. Bc1 e5 14. Nf3 b5 15. a3
a5 16. Rd1 Qc6 17. b3 Nb6 18. Bb2 Rfc8 19. Ne1 Ne8 20. a4 bxa4 21. Nxa4 Nxa4
22. Rxa4 Nc7 23. Qd2 Qb6 24. Ra2 Bf8 25. Rda1 Ne6 26. Rxa5 Rxa5 27. Rxa5 Bh6
28. Qxh6 Qxa5 29. Qe3 Nd4 30. c4 Nxb3 31. Nf3 Nc5 32. Ba3 Ra8 33. Qh6 Qxa3 34.
Ng5 Be8 35. Nxh7 Nd7 36. h4 Qb2 37. h5 Qxf2 38. hxg6 Ra2 39. gxf7+ Bxf7 0-1

[Event "Campeonato Continental Americas 2009"]
[Site "Sao Paulo BRA"]
[Date "2009.07.31"]
[Round "8.13"]
[White "Zapata, Alonso"]
[Black "Orsini, Antonio"]
[Result "1/2-1/2"]
[WhiteElo "2523"]
[BlackElo "2376"]
[PlyCount "61"]
[EventDate "2009.07.25"]
[EventType "swiss"]
[EventRounds "11"]
[EventCountry "BRA"]
[Source "lmi"]
[SourceDate "2009.07.25"]

1. e4 e6 2. d4 d5 3. Nd2 c5 4. exd5 Qxd5 5. Ngf3 cxd4 6. Bc4 Qd6 7. Qe2 Nf6 8.
Nb3 Nc6 9. Bg5 a6 10. O-O-O b5 11. Bd3 Be7 12. Kb1 Bb7 13. Nbxd4 Nxd4 14. Nxd4
Qc5 15. h4 O-O 16. Rhe1 Rfe8 17. Nf3 h6 18. Ne5 Bd5 19. f4 Qc7 20. g3 Qa5 21.
c4 bxc4 22. Nxc4 Qc7 23. Bxf6 Bxf6 24. Ne5 Rab8 25. Rc1 Qa7 26. Bc4 Bxe5 27.
fxe5 Bxc4 28. Qxc4 Rb5 29. b3 Rd8 30. Qc2 Rbd5 31. Qc7 1/2-1/2

[Event "Campeonato Continental Americas 2009"]
[Site "Sao Paulo BRA"]
[Date "2009.07.31"]
[Round "8.14"]
[White "Mareco, Sandro"]
[Black "Rodi, Luis Ernesto"]
[Result "1-0"]
[WhiteElo "2515"]
[BlackElo "2375"]
[PlyCount "71"]
[EventDate "2009.07.25"]
[EventType "swiss"]
[EventRounds "11"]
[EventCountry "BRA"]
[Source "lmi"]
[SourceDate "2009.07.25"]

1. d4 Nf6 2. c4 e5 3. dxe5 Ng4 4. Bf4 Nc6 5. Nf3 Bb4+ 6. Nbd2 Qe7 7. e3 Ngxe5
8. Nxe5 Nxe5 9. a3 Bxd2+ 10. Qxd2 d6 11. Be2 Bd7 12. O-O Ng6 13. Bg3 h5 14. h3
h4 15. Bh2 Bc6 16. b4 Qg5 17. f3 O-O 18. Rad1 Ba4 19. Rc1 Rae8 20. Rc3 Bc6 21.
Rd1 f5 22. c5 dxc5 23. b5 Bxb5 24. Bxb5 c6 25. Bc4+ Kh8 26. Bd6 Rd8 27. Rd3
Rfe8 28. Bf7 Rxd6 29. Rxd6 Ne5 30. f4 Nf3+ 31. Kh1 Qg3 32. gxf3 Rxe3 33. Qxe3
Qxh3+ 34. Kg1 Qg3+ 35. Kf1 h3 36. Qe8+ 1-0

[Event "Campeonato Continental Americas 2009"]
[Site "Sao Paulo BRA"]
[Date "2009.08.01"]
[Round "9.8"]
[White "Felgaer, Ruben"]
[Black "El Debs, Felipe de Cresce"]
[Result "1-0"]
[WhiteElo "2564"]
[BlackElo "2467"]
[PlyCount "75"]
[EventDate "2009.07.25"]
[EventType "swiss"]
[EventRounds "11"]
[EventCountry "BRA"]
[Source "lmi"]
[SourceDate "2009.07.25"]

1. e4 c5 2. Nf3 e6 3. g3 Nc6 4. Bg2 Nf6 5. d3 d5 6. Qe2 Be7 7. O-O b6 8. e5 Nd7
9. c4 d4 10. Nfd2 Qc7 11. f4 a6 12. Ne4 b5 13. Nbd2 Bb7 14. b3 g6 15. Nf3 b4
16. h3 a5 17. a4 O-O-O 18. Bd2 h6 19. g4 Rde8 20. Be1 f5 21. exf6 Nxf6 22. Bg3
Nxe4 23. Qxe4 g5 24. Qxe6+ Kb8 25. Rfe1 Bd6 26. Qxe8+ Rxe8 27. Rxe8+ Ka7 28.
Rae1 gxf4 29. Bh4 Qh7 30. R8e6 Bc7 31. R1e4 Nd8 32. Re7 Bxe4 33. dxe4 Qh8 34.
Rxc7+ Kb8 35. Rxc5 Nb7 36. Rd5 d3 37. e5 Qh7 38. Nd2 1-0

[Event "Campeonato Continental Americas 2009"]
[Site "Sao Paulo BRA"]
[Date "2009.08.01"]
[Round "9.10"]
[White "Liascovich, Lucas"]
[Black "Ivanov, Alexander"]
[Result "0-1"]
[WhiteElo "2444"]
[BlackElo "2527"]
[PlyCount "106"]
[EventDate "2009.07.25"]
[EventType "swiss"]
[EventRounds "11"]
[EventCountry "BRA"]
[Source "lmi"]
[SourceDate "2009.07.25"]

1. b3 d5 2. Bb2 Bg4 3. h3 Bh5 4. g3 c5 5. Bg2 Nc6 6. f4 e6 7. Nf3 Nf6 8. O-O
Bxf3 9. Bxf3 Be7 10. d3 Nd4 11. e4 Qb6 12. exd5 exd5 13. Re1 Rd8 14. Nc3 Rd7
15. Re5 O-O 16. Nxd5 Nxd5 17. Rxd5 Rxd5 18. Bxd5 Bf6 19. c3 Nb5 20. Qd2 Rd8 21.
Re1 g6 22. Bc4 Nd6 23. Bd5 Nb5 24. Be4 Qa5 25. Bxb7 Qxa2 26. Bc6 Qxb3 27. Bxb5
Qxb5 28. Re3 Qb3 29. g4 a5 30. g5 Bg7 31. h4 a4 32. Qc1 Ra8 33. Ba3 Qxc3 34.
Qxc3 Bxc3 35. Kg2 Bb4 36. Bb2 a3 37. Ba1 Bd2 38. Rf3 Bc1 39. Rf2 Rb8 40. Ra2
Bb2 41. Kf3 Rb4 42. Ke3 Kf8 43. Kd2 Ke7 44. Kc2 Rxf4 45. Bxb2 Rf2+ 46. Kc3 axb2
47. Rxb2 Rxb2 48. Kxb2 f5 49. gxf6+ Kxf6 50. Kc3 g5 51. hxg5+ Kxg5 52. d4 cxd4+
53. Kxd4 Kf4 0-1

[Event "Campeonato Continental Americas 2009"]
[Site "Sao Paulo BRA"]
[Date "2009.08.01"]
[Round "9.11"]
[White "Cori, Jorge"]
[Black "Mareco, Sandro"]
[Result "1-0"]
[WhiteElo "2424"]
[BlackElo "2515"]
[PlyCount "125"]
[EventDate "2009.07.25"]
[EventType "swiss"]
[EventRounds "11"]
[EventCountry "BRA"]
[Source "lmi"]
[SourceDate "2009.07.25"]

1. e4 c5 2. Nf3 e6 3. d4 cxd4 4. Nxd4 a6 5. Bd3 Bc5 6. Nb3 Be7 7. O-O d6 8. c4
Nf6 9. Nc3 O-O 10. Be3 b6 11. f3 Bb7 12. Qd2 Qc7 13. Qf2 Nbd7 14. Rfd1 Rac8 15.
Rac1 Rfe8 16. Bf1 Bd8 17. Bf4 Ne5 18. c5 bxc5 19. Bxe5 dxe5 20. Na4 Bc6 21.
Naxc5 a5 22. Nd2 Be7 23. Nc4 Nd7 24. Na6 Qd8 25. Nxe5 Ba4 26. Nxd7 Rxc1 27.
Rxc1 Qxd7 28. Nc5 Qc7 29. Rc3 Bc6 30. g3 Bf6 31. Rc2 Rd8 32. Kg2 Bd4 33. Qe2
Qb6 34. Qa6 Bxc5 35. Qxb6 Bxb6 36. Rxc6 Rb8 37. Bc4 Kf8 38. f4 Ke7 39. b3 Bd8
40. Bd3 Rb6 41. Rc3 Rd6 42. Kf3 h5 43. h4 Rd4 44. Ke2 a4 45. Rc6 axb3 46. axb3
Rb4 47. Bc4 Rb6 48. Rc5 g6 49. Kf3 Rb8 50. Rc6 Rb6 51. Rc8 Rd6 52. Ra8 Rd2 53.
Ra6 Rd6 54. Ra7+ Rd7 55. Ra8 Rd2 56. Ra7+ Rd7 57. Ra2 Rd1 58. f5 gxf5 59. exf5
exf5 60. Ra7+ Rd7 61. Rxd7+ Kxd7 62. Bxf7 Be7 63. Bxh5 1-0

[Event "Campeonato Continental Americas 2009"]
[Site "Sao Paulo BRA"]
[Date "2009.08.01"]
[Round "9.12"]
[White "Vescovi, Giovanni"]
[Black "Di Berardino, Diego Rafael"]
[Result "1-0"]
[WhiteElo "2631"]
[BlackElo "2453"]
[PlyCount "109"]
[EventDate "2009.07.25"]
[EventType "swiss"]
[EventRounds "11"]
[EventCountry "BRA"]
[Source "lmi"]
[SourceDate "2009.07.25"]

1. d4 Nf6 2. c4 g6 3. Nc3 Bg7 4. e4 d6 5. f3 O-O 6. Be3 Nc6 7. Nge2 a6 8. Qd2
Rb8 9. a4 Re8 10. Kf2 a5 11. Rd1 Rf8 12. g3 Nd7 13. Bg2 e5 14. Rhe1 exd4 15.
Nxd4 Nde5 16. b3 Nb4 17. Kg1 c6 18. Nc2 Qf6 19. Rf1 Nxc4 20. bxc4 Qxc3 21. Qxc3
Bxc3 22. Nd4 Na6 23. f4 Nc5 24. e5 Bg4 25. Nf3 Rfe8 26. Rxd6 Nxa4 27. c5 Bb4
28. Rc1 b6 29. Ng5 Nxc5 30. Bxc6 Re7 31. Bd5 Nd3 32. Bxf7+ Rxf7 33. Rxd3 Rff8
34. Rc7 Bf5 35. Rd1 h6 36. Nh7 Rf7 37. Nf6+ Kg7 38. Rdc1 Rb7 39. R7c6 a4 40.
R1c4 Be7 41. Rxa4 Bxf6 42. exf6+ Kh7 43. Ra8 b5 44. Rd6 Rbd7 45. Rxd7 Bxd7 46.
Rb8 Bf5 47. Kf2 Bg4 48. Bd4 Bd7 49. Kf3 Bc6+ 50. Kg4 Bd7+ 51. Kh4 Bc6 52. Be5
Bd7 53. Bd6 Be6 54. Be7 Bd5 55. g4 1-0

[Event "Campeonato Continental Americas 2009"]
[Site "Sao Paulo BRA"]
[Date "2009.08.01"]
[Round "9.14"]
[White "Kudrin, Sergey"]
[Black "Espinosa Flores, Rafael Emilio"]
[Result "1-0"]
[WhiteElo "2578"]
[BlackElo "2401"]
[PlyCount "47"]
[EventDate "2009.07.25"]
[EventType "swiss"]
[EventRounds "11"]
[EventCountry "BRA"]
[Source "lmi"]
[SourceDate "2009.07.25"]

1. e4 c5 2. Nf3 Nc6 3. d4 cxd4 4. Nxd4 Nf6 5. Nc3 e5 6. Ndb5 d6 7. Bg5 a6 8.
Na3 b5 9. Bxf6 gxf6 10. Nd5 f5 11. c3 Bg7 12. exf5 Bxf5 13. Nc2 O-O 14. a4 Ne7
15. Bd3 e4 16. Be2 Be6 17. Nxe7+ Qxe7 18. O-O Qg5 19. axb5 axb5 20. Rxa8 Rxa8
21. Qxd6 Rd8 22. Qc7 Rd2 23. Qb8+ Bf8 24. Bd1 1-0